LOTR: Residents of Middle-Earth: The Great Smials of Tuckborough - Statistics

General Stats
  • This quiz has been taken 22 times
  • The average score is 16 of 41
Answer Stats
Answer % Correct
Peregrin I (Pippin)
100%
Paladin II
71%
Faramir I
64%
Gerontius "The Old Took"
64%
Bandobras "Bullroarer"
57%
Diamond of Long Cleeve
57%
Belladonna
50%
Donnamira
43%
Everard
43%
Ferumbras II
43%
Ferumbras III
43%
Fortinbras I
43%
Fortinbras II
43%
Isengrim II
43%
Isengrim III
43%
Isumbras III
43%
Isumbras IV
43%
Mirabella
43%
Pearl
43%
Pimpernel
43%
Adamanta Chubb
36%
Adelard
36%
Eglantine Banks
36%
Ferdinand
36%
Goldilocks Gardner
36%
Pervinca
36%
Ferdibrand
29%
Flambard
29%
Hildigrim
29%
Isembard
29%
Isembold
29%
Isengar
29%
Reginard
29%
Rosa Baggins
29%
Sigismond
29%
Adalgrim
21%
Hildifons
21%
Hildigard
21%
Rosamunda
21%
Hildibrand
14%
Lalia Clayhanger
7%
No matching quizzes found
Score Distribution
Percent of People with Each Score
Percentile by Number Answered
Your Score History
You have not taken this quiz